01170cam a2200337 i 4500001000700000003000900007005001700016008004100033035002400074035002700098035001100125040004200136041001300178082002200191245012600213264003700339300002300376336002600399337002800425338002700453504004100480650004600521653000900567655001700576700002900593700003600622942001200658948000900670999001700679952013600696155655EG-ScBUE20230523103505.0801230s1977 ru f b 00000 eng d a(OCoLC)ocn687678991 a(CStRLIN)CTYG3561714-B a155655 aMnDuUbengerdacMnDuUdCtYdEG-ScBUE1 aenghrus04222a530.1076bPRO00aProblems in theoretical physics /cby L. G. Grechko [and three others] ; translated from the Russian by Eugene Yankovsky. 1aMoscow :bMir Publishers,c1977. a447 pages ;c21 cm 2rdacontentatextbtxt 2rdamediaaunmediatedbn 2rdacarrieravolumebnc aIncludes bibliographical references. 7aPhysicsvProblems, exercises, etc.2BUEsh bGGEN vReading book1 aGrechko, L. G.,eauthor.1 aYankovsky, Eugene,etranslator. 2ddccBB aOCLC c30439d30410 00102ddc40708Donation-GaMAINbMAINc1STd2023-05-23eDonationl0o530.1076 PROp000056726r2025-07-15 00:00:00w2023-05-23yBB